Personální strategie - nedílná součást strategie firmy

Úloha stratégie v riadení organizácie. Personálna stratégia ako súčasť stratégie firmy. Spracovanie personálnej stratégie. Kľúčové oblasti personálnej stratégie.

Guardado en:
Detalles Bibliográficos
Autor principal: Bláha, J.
Formato: Capítulo de libro
Lenguaje:checo
Materias:
Etiquetas: Agregar Etiqueta
Sin Etiquetas, Sea el primero en etiquetar este registro!

MARC

LEADER 00000naa a2200000 4500
001 r017012
005 20221205102739.4
041 0 |a cze 
044 |a CZ 
245 1 0 |a Personální strategie - nedílná součást strategie firmy  |c J. Bláha 
520 |a Úloha stratégie v riadení organizácie. Personálna stratégia ako súčasť stratégie firmy. Spracovanie personálnej stratégie. Kľúčové oblasti personálnej stratégie. 
610 2 0 |a manažment personálny 
610 2 0 |a politika podniková 
610 2 0 |a firmy 
610 2 0 |a zdroje ľudské 
100 1 |a Bláha, J.